000 00410nab a2200145Ia 4500
003 ES-SlBCS
005 20210601125318.0
008 140529s1986 xxu||||| |||| 00| 0 eng d
041 _aeng
100 1 _aHersch, Jeanne
_945768
245 0 0 _aContradiction in Music
_c Jeanne Hersch
650 0 4 _aMúsica
_988212
773 0 _tPresença Filosofica
_gvol. 12, nº. 1-2-3-4, 1986, págs. 5-14
_wRev966
942 _cAR
999 _c528277
_d528277